Logo

Description automatically generated
विद्यार्जन
 संसाधन केंद्र, भारतीय प्रौद्योगिकी संस्थान इन्दौर
Learning Resource Center, Indian Institute of Technology Indore

ऑनलाइन सार्वजनिक अभिगम प्रसूची
Online Public Access Catalogue (OPAC)

Advanced condensed matter physics (Record no. 9882)

MARC details
000 -LEADER
fixed length control field 00451nam a2200169Ia 4500
005 - DATE AND TIME OF LATEST TRANSACTION
control field 20260623115554.0
008 - FIXED-LENGTH DATA ELEMENTS--GENERAL INFORMATION
fixed length control field 170106s2009||||xx |||||||||||||| ||und||
020 ## - INTERNATIONAL STANDARD BOOK NUMBER
International Standard Book Number 9780521872904
Qualifying information hb
082 ## - DEWEY DECIMAL CLASSIFICATION NUMBER
Classification number 530.41
Item number SAN
100 ## - MAIN ENTRY--PERSONAL NAME
Personal name Sander, Leonard M.
245 #0 - TITLE STATEMENT
Title Advanced condensed matter physics
260 ## - PUBLICATION, DISTRIBUTION, ETC.
Place of publication, distribution, etc. New York
Name of publisher, distributor, etc. Cambridge University Press
Date of publication, distribution, etc. 2009
300 ## - PHYSICAL DESCRIPTION
Extent ix, 274p. ;
653 ## - INDEX TERM--UNCONTROLLED
Uncontrolled term Physics
653 ## - INDEX TERM--UNCONTROLLED
Uncontrolled term Condensed matter
942 ## - ADDED ENTRY ELEMENTS (KOHA)
Koha item type Book
Source of classification or shelving scheme Dewey Decimal Classification
Holdings
Withdrawn status Lost status Damaged status Not for loan Home library Current library Shelving location Date acquired Source of acquisition Total Checkouts Total Renewals Full call number Barcode Date last seen Date last checked out Price effective from Koha item type Source of classification or shelving scheme Collection code
        LRC, IIT Indore LRC, IIT Indore 3rd Floor - General Stack 06/01/2017 PO No. 68 ; Vendor: Atlantic Pub. Dis., New Delhi ; Bill No. 11-03545, dt.08.08.2011; Price: UKP 42 7 3 530.41 SAN 9882 24/06/2026 20/05/2026 06/01/2017 Book    
      Not For Loan LRC, IIT Indore LRC, IIT Indore 2nd Floor - Textbook Reserve 06/01/2017 PO No. 68 ; Vendor: Atlantic Pub. Dis., New Delhi ; Bill No. 11-03545, dt.08.08.2011; Price: UKP 42     530.41 SAN 9883 06/01/2017   06/01/2017 Text/Reserve Book Dewey Decimal Classification Text/Reserve Book
Copyright © 2017-2026 Indian Institute of Technology Indore. All Rights Reserved.
Managed & maintained by Learning Resource Center, IIT Indore